[Event "Harkany Tenkes Cup"]
[Site "Harkany"]
[Date "1998.??.??"]
[Round "?"]
[White "Zilahi, Gabor"]
[Black "Raffay, Gabor"]
[Result "1-0"]
[WhiteElo "2050"]
[BlackElo "2215"]
[PlyCount "113"]
[EventDate "1998.11.??"]
[EventType "swiss"]
[EventRounds "9"]
[EventCountry "HUN"]
[SourceTitle "EXT 2002"]
[Source "ChessBase"]
[SourceDate "2001.11.25"]
[SourceVersion "1"]
[SourceVersionDate "2001.11.25"]
[SourceQuality "1"]

1. Nf3 Nf6 2. d4 g6 3. g3 Bg7 4. Bg2 0-0 5. 0-0 c5 6. e3 Na6 7. Nbd2 Rb8 8. Re1 d6 9. h3 Bd7 10. b3 b5 11. Bf1 Nc7 12. Bb2 c4 13. e4 Qc8 14. Kh2 d5 15. e5 Nh5 16. Ng1 Bh6 17. Be2 Ne6 18. c3 Nhg7 19. Nf1 f6 20. Bf3 fxe5 21. Rxe5 Ng5 22. Bxd5+ Kh8 23. f4 Nxh3 24. Nxh3 Bxh3 25. Ba3 Bg4 26. Qe1 Qa6 27. Bxe7 Rf5 28. Ne3 Rxe5 29. dxe5 Be6 30. Bf6 Kg8 31. Qh1 Ne8 32. Qe4 Nc7 33. bxc4 bxc4 34. Bxe6+ Nxe6 35. Qxc4 Rb2+ 36. Kh3 Qxc4 37. Nxc4 Rc2 38. Rb1 Rxc3 39. Rb8+ Bf8 40. Nd6 Nxf4+ 41. Kg4 Ne6 42. Re8 h5+ 43. Kh4 Ng7 44. Ra8 Rf3 45. Bxg7 Kxg7 46. Rxa7+ Kg8 47. Ne4 Bg7 48. Ra8+ Rf8 49. Rxf8+ Kxf8 50. Kg5 Bxe5 51. Kxg6 Bxg3 52. Nxg3 h4 53. Nf1 Ke7 54. Kf5 Kd6 55. Kg4 Kc5 56. Nd2 Kb4 57. Nb1 1-0

[Event "Pecs Suto op"]
[Site "Pecs"]
[Date "1997.??.??"]
[Round "?"]
[White "Raffay, Gabor"]
[Black "Muhtarov, Leonid"]
[Result "0-1"]
[WhiteElo "2265"]
[BlackElo "2230"]
[PlyCount "141"]
[EventDate "1997.??.??"]
[EventType "swiss"]
[EventRounds "9"]
[EventCountry "HUN"]
[SourceTitle "EXT 2004"]
[Source "ChessBase"]
[SourceDate "2003.11.25"]
[SourceVersion "1"]
[SourceVersionDate "2003.11.25"]
[SourceQuality "1"]

1. d4 Nf6 2. c4 e6 3. Nc3 Bb4 4. Qc2 c5 5. dxc5 Bxc5 6. Nf3 Qb6 7. e3 Be7 8. Bd3 d6 9. 0-0 Nbd7 10. Na4 Qc7 11. Bd2 b6 12. Rac1 Bb7 13. e4 Rc8 14. Qb1 0-0 15. Rfd1 Nc5 16. Nxc5 bxc5 17. h3 h6 18. Bf4 e5 19. Bh2 Bc6 20. Nd2 Rb8 21. b3 a5 22. Qc2 a4 23. f4 exf4 24. Bxf4 Nd7 25. Nf3 Rfe8 26. Re1 Bf6 27. Rb1 axb3 28. axb3 Re6 29. Qf2 Rbe8 30. Qg3 Kh8 31. Nd2 Bd4+ 32. Kh1 Rg6 33. Qh4 Ne5 34. Bc2 Rf6 35. Be3 Ng6 36. Qh5 Bxe3 37. Rxe3 Rf2 38. Qd1 Qe7 39. Qe1 Rf4 40. Qe2 f5 41. g3 Rxe4 42. Nxe4 Ne5 43. Re1 Ra8 44. Kg1 fxe4 45. Bxe4 Bxe4 46. Rxe4 Ra3 47. Re3 Qa7 48. Rf1 Qa8 49. Qf2 Kg8 50. Qg2 Qxg2+ 51. Kxg2 Ra2+ 52. Rf2 Ra6 53. g4 Rb6 54. Kg3 g5 55. h4 Kg7 56. hxg5 hxg5 57. Rf5 Kg6 58. Rf8 Kg7 59. Rd8 Kf6 60. Rf8+ Kg7 61. Rf5 Kg6 62. Rfxe5 dxe5 63. Kf3 Kf6 64. Ke4 Rd6 65. Rd3 Rxd3 66. Kxd3 Ke7 67. Ke4 Ke6 68. Kd3 Kd6 69. Kc3 e4 70. b4 cxb4+ 71. Kxb4 0-1